000
00337nam a22001457a 4500
008
210224b ||||| |||| 00| 0 eng d
020
_a
2900132971293
041
_a
eng
080
_2
12th
_a
33
082
_a
33
100
_a
59
101
_a
BIZ
245
_a
Bussines Communication Today
_c
Bovee, C. L & Thill, J, V
942
_2
udc
_c
BK
999
_c
55148
_d
55148